000
00296nam a22001337a 4500
008
221007b ||||| |||| 00| 0 eng d
041
_a
eng
080
_a
61
082
_a
61 SAU
100
_a
6
101
_a
INF
245
_a
THE SURGICAL CLINICS OF NORTH AMERICA
_c
SAUNDERS
942
_2
udc
_c
BK
999
_c
58417
_d
58417